Geographical Terms Starting with C - Statistics

General Stats
  • This quiz has been taken 62 times
  • The average score is 7 of 10
Answer Stats
Hint Answer % Correct
The study and practice of making maps and charts. cartography
86%
Any naturally hollow underground space large enough for a person to enter. cave
86%
An instrument used for navigation and orientation. compass
86%
A navigable artificial water channel, usually built as a conduit for human activity. canal
83%
One of several very large, contiguous landmasses into which the Earth's land area is divided. continent
78%
A large human settlement. city
64%
A region identified as a distinct national entity in political geography. country
60%
The four primary directions used in cartography and navigation. cardinal directions
57%
A deep cleft between cliffs or escarpments, or a rift between two mountain peaks, resulting from weathering and the erosive activity of a river over long periods of geologic time. canyon
47%
The total set of learned activities of a people. culture
40%
No matching quizzes found
Score Distribution
Percent of People with Each Score
Percentile by Number Answered
Your Score History
You have not taken this quiz